000 00458nam a2200181Ia 4500
001 25142
005 20260414151130.0
008 260414t2021||||xx |||||||||||||| ||spa||
041 _aESP
082 _a346.2
_bT74T
100 _aTorres Carrasco, Manuel Alberto,
_eAUT
245 0 _aLos 100 temas actuales del derecho de familia
_b
260 _c2021
300 _a254 páginas :
_c25 cm.
650 _aDER
654 _aCDE
942 _cLIB
_dJUS
_fJUS
_2ddc
_n
999 _c25142
_d25142